| 000 | 00363nam a22001457a 4500 | ||
|---|---|---|---|
| 003 | macl | ||
| 005 | 20191206161916.0 | ||
| 008 | 191206b xxu||||| |||| 00| 0 eng d | ||
| 040 | _c macl | ||
| 100 |
_aMahipal _977341 |
||
| 245 | _aIndian Faiths: Sikhism, Buddhism & Hindism | ||
| 260 |
_aDelhi _bD. K. Pub _c2019 |
||
| 650 |
_aReligion _977477 |
||
| 942 |
_2ddc _cBK |
||
| 999 |
_c61533 _d61533 |
||